000 01164cam a2200229 4500
001 WB@3612-726
008 041013n2004 000 0 eng u
035 _a(Sirsi) u127676
245 _aOverview of the state of the cities
260 _c2004
490 _aPlanning (for the Natural and Built Environment)
_v8 October 2004, 2(1)
520 _aA major study of urban conditions and trends in England is to be led by urban affairs expert Michael Parkinson. The research will examine the importance of cities in creating sustainable communities and will be headed under four main themes: governance and the impact of policy in urban areas, the economic performance of cities, social cohesion and exclusion and urban liveability. The findings will be presented at the Sustainable communities summit in January 2005. For further details go to: http://www.odpm.gov.uk/stellent/groups/odpm_urbanp olicy/documents/page/odpm_urbpol_031647.hcsp.
590 _aWB
590 _aWB
650 _aCITIES
650 _aURBAN REGENERATION
650 _aREGENERATION
650 _aSOCIAL INCLUSION
650 _aHOUSING
690 _aREGENERATION
942 _n0
999 _c118144
_d118144